Statistics for Small Island Developing States

Click here to take the quiz!

General Stats

  • This quiz has been taken 22 times
  • The average score is 41 of 53

Answer Stats

RegionSIDS% Correct
CaribbeanDominica
100%
CaribbeanSaint Vincent and the Grenadines
100%
Polynesia*American Samoa
95%
CaribbeanBahamas
95%
CaribbeanBarbados
95%
Western AfricaCabo Verde
95%
Eastern AfricaComoros
95%
CaribbeanDominican Republic
95%
CaribbeanGrenada
95%
CaribbeanHaiti
95%
MicronesiaNauru
95%
MicronesiaPalau
95%
CaribbeanSaint Lucia
95%
PolynesiaSamoa
95%
CaribbeanTrinidad and Tobago
95%
CaribbeanAntigua and Barbuda
90%
MicronesiaKiribati
90%
Eastern AfricaMauritius
90%
Middle AfricaSao Tome and Principe
90%
Eastern AfricaSeychelles
90%
PolynesiaTuvalu
90%
Caribbean*Aruba
85%
CaribbeanCuba
85%
MelanesiaFiji
85%
Southern AsiaMaldives
85%
MicronesiaMarshall Islands
85%
MicronesiaMicronesia (Federated States of)
85%
CaribbeanSaint Kitts and Nevis
85%
MelanesiaSolomon Islands
85%
PolynesiaTonga
85%
MelanesiaVanuatu
85%
Southeastern AsiaTimor-Leste
80%
Caribbean*Curaçao
75%
MelanesiaPapua New Guinea
75%
Micronesia*Guam
70%
CaribbeanJamaica
70%
Caribbean*Anguilla
65%
Polynesia*Cook Islands
65%
Caribbean*Montserrat
65%
Polynesia*Niue
65%
Caribbean*Bonaire, Sint Eustatius and Saba
60%
Micronesia*Northern Mariana Islands
60%
Southeastern AsiaSingapore
60%
Central AmericaBelize
55%
Polynesia*French Polynesia
50%
South AmericaGuyana
50%
Caribbean*Puerto Rico
50%
South AmericaSuriname
50%
Caribbean*United States Virgin Islands
50%
Caribbean*British Virgin Islands
45%
Melanesia*New Caledonia
45%
Western AfricaGuinea-Bissau
35%
Caribbean*Sint Maarten (Dutch part)
35%

Score Distribution

Percentile by Number Answered

Percent of People with Each Score

Your Score History

You have not taken this quiz